Ai hiểu khách hàng người ấy bán được hàng

Cuốn sách Ai hiểu được khách hàng người đó bán được hàng giới thiệu quá trình nhân viên bán hàng tìm kiếm khách hàng tiềm năng, quá trình chi tiêu của khách hàng, những chi tiết nhỏ mà khách hàng quan tâm, lời nói và hành động, cử chỉ củ...

Full beskrivning

Sparad:
Bibliografiska uppgifter
Huvudupphovsman: Lý, Kiện Lâm
Materialtyp: Bok
Språk:Undetermined
Publicerad: Hà Nội Lao động Xã hội 2015
Ämnen:
Taggar: Lägg till en tagg
Inga taggar, Lägg till första taggen!
Thư viện lưu trữ: Trung tâm Học liệu Trường Đại học Cần Thơ
LEADER 01468nam a2200229Ia 4500
001 CTU_203156
008 210402s9999 xx 000 0 und d
020 |c 81000 
082 |a 658.81 
082 |b L120 
100 |a Lý, Kiện Lâm 
245 0 |a Ai hiểu khách hàng người ấy bán được hàng 
245 0 |c Lý Kiện Lâm (chủ biên) ; Hà Giang (dịch) 
260 |a Hà Nội 
260 |b Lao động Xã hội 
260 |c 2015 
520 |a Cuốn sách Ai hiểu được khách hàng người đó bán được hàng giới thiệu quá trình nhân viên bán hàng tìm kiếm khách hàng tiềm năng, quá trình chi tiêu của khách hàng, những chi tiết nhỏ mà khách hàng quan tâm, lời nói và hành động, cử chỉ của khách hàng, tâm lí của khách hàng, tín hiệu giao dịch của khách hàng… giúp người bán hàng hiểu được khách hàng, kịp thời đáp ứng nhu cầu của họ, từ đó dễ dàng có được đơn đặt hàng và nâng cao thành tích tiêu thụ sản phẩm. 
650 |a Sales management,Customer relations,Quản trị bán hàng,Quan hệ khách hàng 
650 |x Management,Quản trị 
904 |i Tuyến 
910 |a Khoa 
980 |a Trung tâm Học liệu Trường Đại học Cần Thơ